000 00829nam a22001817a 4500
005 20250902113133.0
010 _aHIN-130314
020 _a9789383848690
_c295.00
035 _aHN-102660
037 _bDBAD/PUB
082 _a342
245 _aशासन मुद्दे और चुनौतियाँ /
_cविजय कुमार वर्मा द्वारा संपादित
260 _aनई दिल्ली
_bपिनाकल लर्निंग
_c2021
270 _a24,डी.डी.अ शौपिंग काम्प्लेक्स बेर सराय
_bनई दिल्ली
_e110016
300 _a195पृ.
_b 21सेमी (अजिल्द)
700 _aवर्मा,विजय कुमार
_984464
942 _2ddc
_cHN
_h342
_mशासन
999 _c213224
_d213224